| 000 | 00486nam a2200193Ia 4500 | ||
|---|---|---|---|
| 005 | 20231004100133.0 | ||
| 008 | 131103s9999 xx 000 0 und d | ||
| 020 | _cRs.25.00 | ||
| 040 | _aLoreto College | ||
| 041 | _aEnglish | ||
| 082 |
_a297.12 _bKOR |
||
| 100 | _aMaududi, Syed Abul Ala | ||
| 245 |
_aTafhimul Quran Ampara _cSyed Abul Ala Maududi |
||
| 260 |
_aCalcutta _bBangla Islami _c1983 |
||
| 300 | _a333p. | ||
| 650 | _aKoran & Hadid | ||
| 850 | _aLCLIB | ||
| 942 | _cBK | ||
| 999 |
_c23098 _d73577 |
||